Cities with the Biggest Stadiums - Statistics

General Stats
  • This quiz has been taken 40 times
  • The average score is 13 of 19
Answer Stats
Stadium Capacity City / State Continent % Correct
Camp Nou 99,354 Barcelona Europe
97%
Wembley Stadium 90,000 London Europe
94%
Twickenham Stadium 82,000 London Europe
94%
Estadio Santiago de Bernabeu 81,044 Madrid Europe
92%
Estadio Azteca 87,000 Mexico City Americas
86%
Stadio Giuseppe Meazza (San Siro) 80,018 Milan Europe
86%
Stade de ****** 81,338 Paris Europe
86%
********* Cricket Ground 100,024 Melbourne Oceania
83%
ANZ Stadium 83,500 Sydney Oceania
83%
FNB Stadium 94,736 Johannesburg Africa
69%
Guangdong Olympic Stadium 80,012 Guangdong - Guangzhou Asia
67%
Rungrado 1st of May Stadium 114,000 Pyongyang Asia
67%
Salt Lake Stadium 85,000 Kolkata Asia
50%
Signal Iduna Park 81,365 Dortmund Europe
47%
Croke Park 82,300 Dublin Europe
44%
Estadio Monumental 80,093 Lima Americas
36%
Borg El Arab Stadium 86,000 Alexandria Africa
33%
Bukit Jalil National Stadium 87,411 Kuala Lumpur Asia
33%
Motera Stadium 110,000 Ahmedabad Asia
11%
No matching quizzes found
Score Distribution
Percent of People with Each Score
Percentile by Number Answered
Your Score History
You have not taken this quiz